000 00772nam a2200241Ia 4500
003 GCL
008 140319s9999 xx 000 0 ara d
040 _aGCL /
_cGCL
082 0 4 _a291
_bا م
100 1 _aادوار غالى الدهبى
245 1 0 _aمعاملة غير المسلمين فى المجتمع الاسلامى /
_cادوار غالى الدهبى
260 _aالقاهرة :
_bمكتبة غريب ،
_c1993
300 _a192 ص
490 _a
650 0 4 _aالاسلام والمسيحية
650 0 4 _aالاقباط
650 0 4 _aالمسيحيون
650 0 4 _aالدين المقارن
650 0 4 _aالمسلمون والمسيحيون
650 0 4 _aاهل الذمة
650 0 4 _aالمسيحية - مصر
942 _2ddc
_cBK
999 _c40520
_d40520